Hypotekárna kríza a jej vplyv na svetové trhy bakalárska práca

Salvato in:
Dettagli Bibliografici
Autore principale: Malec, Juraj
Ente Autore: Fakulta podnikového manažmentu EU. Katedra podnikových financií
Altri autori: Jánošová, Veronika, 1953-
Natura: Libro
Lingua:slovacco
Pubblicazione: Bratislava 2010
Tags: Aggiungi Tag
Nessun Tag, puoi essere il primo ad aggiungerne!!

MARC

LEADER 00000nbm a2200000 4500
001 0133413
005 20161109111525.3
041 0 |a slo 
044 |a SK 
245 1 0 |a Hypotekárna kríza a jej vplyv na svetové trhy  |b bakalárska práca  |c Juraj Malec ; školiteľ: Veronika Jánošová 
264 1 |a Bratislava  |c 2010 
300 |a 44 s. 
100 1 |a Malec, Juraj 
700 1 |a Jánošová, Veronika, 1953- 
710 2 |a Fakulta podnikového manažmentu EU. Katedra podnikových financií